Návrh inteligentného upínacieho zariadenia

Na minha lista:
Detalhes bibliográficos
Autor principal: Blažíček, Marek (Author)
Outros Autores: Košťál, Peter (Thesis advisor)
Formato: Manuscrito Livro
Idioma:eslovaco
Publicado em: 2025
Assuntos:
Acesso em linha:http://is.stuba.sk/zp/portal_zp.pl?podrobnosti=184004
Tags: Adicionar Tag
Sem tags, seja o primeiro a adicionar uma tag!

MARC

LEADER 00000ntm a22000003a 4500
001 stuzp104111
003 SK-STU
005 20250614212634.1
007 ta
008 150427s2015----xo-----f-mn---000-0-slo-d
040 |a STU  |b slo 
041 0 |a slo 
100 1 |a Blažíček, Marek  |u 063000  |4 aut  |U MTF Materiálovotechnologická fakulta  |T MTF Ústav výrobných technológií  |X 110386  |U M3000  |Y 83  |7 110386 
242 0 1 |a Design of intelligent fixture  |y eng 
245 1 0 |a Návrh inteligentného upínacieho zariadenia 
260 |c 2025 
650 4 |a Intelligent clamping  |2 eng 
650 4 |a Sensor technology  |2 eng 
650 4 |a Pneumatic system  |2 eng 
650 4 |a Automation  |2 eng 
650 4 |a Automatizácia  |2 slo 
650 4 |a Inteligentné upínanie  |2 slo 
650 4 |a Snímače  |2 slo 
650 4 |a Pneumatický systém  |2 slo 
700 1 |a Košťál, Peter  |u 063800  |k Z1  |4 ths  |U MTF Ústav výrobných technológií  |T MTF Katedra výrobných zariadení a systémov  |X 216  |U M3800  |Y 660  |7 A000000216 
856 4 |u http://is.stuba.sk/zp/portal_zp.pl?podrobnosti=184004 
996 |c M* DP-15494  |l MMSKP  |s P  |a 0  |w stuzp104111_0001